Science Quiz

Random Science or Anatomy Quiz
Score 0/16 Timer 04:00
5 Plays Today
Letter Bones % Correct
Ffemur, fibula, frontal
95.3%
Ttalus, temporal, tibia, trapezium, trapezoid, triquetrum
85.8%
Rradius, rib
85%
Uulna
83%
Ccalcaneus, capitate, clavicle, coccyx, cuboid, cuneiform bones
82.9%
Mmalleus, mandible, maxilla, metacarpals, metatarsals
81.7%
Ssacrum, scaphoid, scapula, sphenoid, stapes, sternum
81.2%
Hhamate, humerus, hyoid
77.6%
Letter Bones % Correct
Ppalatine, parietal, patella, phalanx, pisiform, pubis
77.1%
Iilium, incus, inferior nasal concha, ischium
61.7%
Vvertebrae, vomer
56.1%
Ooccipital
45.1%
Nnasal, navicular
38.6%
Zzygomatic
37.5%
Llacrimal, lunate
31.6%
Eethmoid
26%
Remove Ads.
Support Sporcle.
Get the best of Sporcle when you Go Orange. This ad-free experience offers more features, more stats, and more fun while also helping to support Sporcle. Thank you for becoming a member.

You're not logged in!

Compare scores with friends on all Sporcle quizzes.
OR
Log In

Sporcle TV

Today on Sporcle TV


Watch our educational content, quiz creation guides, and fun videos on Sporcle TV.

Show Comments

Extras

Top Quizzes Today


Score Distribution

Paid Content

Your Account Isn't Verified!

In order to create a playlist on Sporcle, you need to verify the email address you used during registration. Go to your Sporcle Settings to finish the process.

Report this User

Report this user for behavior that violates our Community Guidelines.

Details: